|
|
|
|
| LEADER |
00000nam0a2200000 4500 |
| 001 |
340633 |
| 005 |
20231102005247.0 |
| 010 |
|
|
|a 9785160122465
|
| 035 |
|
|
|a (RuTPU)RU\TPU\book\367556
|
| 090 |
|
|
|a 340633
|
| 100 |
|
|
|a 20180404d2018 k y0rusy50 ca
|
| 101 |
0 |
|
|a rus
|
| 102 |
|
|
|a RU
|
| 105 |
|
|
|a a z 001zy
|
| 200 |
1 |
|
|a Геоэкологические проблемы трансформации рельефа урбанизированных территорий. На примере городов Западной Сибири
|e монография
|f П. В. Большаник, В. Н. Недбай
|
| 210 |
|
|
|a Москва
|c Инфра-М
|d 2018
|
| 215 |
|
|
|a 243 с.
|c ил.
|
| 225 |
1 |
|
|a Научная мысль
|
| 225 |
1 |
|
|a Экология
|
| 320 |
|
|
|a Библиогр.: с. 221-237
|
| 330 |
|
|
|a Монография представляет собой опыт изложения материалов, посвященных анализу геоэкологических проблем, возникающих на урбанизированных территориях при трансформации рельефа, вызванной как антропогенным, так и природным факторами. Анализ дается для двух городов Западной Сибири — Омска и Ханты-Мансийска, лежащих в пределах одной бассейновой системы Иртыша, но имеющих различные наборы неблагоприятных геоморфологических процессов.
|
| 606 |
1 |
|
|a Экология города
|2 stltpush
|3 (RuTPU)RU\TPU\subj\39024
|9 59265
|
| 610 |
1 |
|
|a Ханты-Мансийск
|
| 610 |
1 |
|
|a Омск
|
| 610 |
1 |
|
|a урбанизированные территории
|
| 610 |
1 |
|
|a рельеф
|
| 610 |
1 |
|
|a трансформация
|
| 610 |
1 |
|
|a геоэкологические проблемы
|
| 610 |
1 |
|
|a геоморфология
|
| 610 |
1 |
|
|a экзогенные процессы
|
| 610 |
1 |
|
|a городская среда
|
| 610 |
1 |
|
|a городские территории
|
| 610 |
1 |
|
|a геоморфологическое районирование
|
| 610 |
1 |
|
|a монографии
|
| 675 |
|
|
|a 504.03
|v 4
|
| 700 |
|
1 |
|a Большаник
|b П. В.
|g Петр Владимирович
|
| 701 |
|
1 |
|a Недбай
|b В. Н.
|g Виктория Николаевна
|
| 801 |
|
1 |
|a RU
|b 63413507
|c 20180404
|
| 801 |
|
2 |
|a RU
|b 63413507
|c 20190614
|g RCR
|
| 942 |
|
|
|c BK
|
| 959 |
|
|
|a 4/20180227
|d 1
|e 630,00
|f ЧЗТЛ:1
|